Estem fent pobles i ciutats per a tothom / Any Europeu de les Persones amb Discapacitat 2003
Publicado:
[Barcelona] Diputació de Barcelona, Xarxa de Municipis, [2003] :
Descripción Física:
[17] p. ; 15 x 18 cm
MARC
| LEADER | 00000nam a2200000Ia 4500 | ||
|---|---|---|---|
| 001 | 15421 | ||
| 003 | BGR | ||
| 005 | 20260324180558.0 | ||
| 008 | 160829s9999 xx 000 0 cat d | ||
| 080 | |a FU-37-24 | ||
| 245 | |a Estem fent pobles i ciutats per a tothom / Any Europeu de les Persones amb Discapacitat 2003 | ||
| 260 | |a [Barcelona] Diputació de Barcelona, Xarxa de Municipis, [2003] | ||
| 300 | |a [17] p. ; |c 15 x 18 cm | ||
| 500 | |a Any Europeu de les Persones amb Discapacitat (2003) | ||
| 650 | 0 | |a Discapacitats |x Rehabilitació |9 7782 | |
| 650 | |a Discapacitats |x Serveis socials |9 39724 | ||
| 710 | 1 | |a Barcelona (Catalunya : Província). |b Diputació |9 52408 | |
| 901 | |a Arxiu | ||
| 942 | |n 1 |2 udc |c MON | ||
| 952 | |0 0 |1 0 |4 0 |6 FU3724 |7 1 |9 55134 |a Arxiu |b Arxiu |d 2016-12-01 |l 0 |o FU-37-24 |p 15421 |r 2016-12-01 00:00:00 |w 2016-12-01 |y ARXIU | ||
| 999 | |c 59006 |d 59006 | ||